000 01266nam a2200265Ia 4500
003 PE SENCICO BE
005 20251020182438.0
008 200515s9999 xx 000 0 und d
020 _a978-968-24-8019-5
040 _aPE SENCICO BE
_cPE SENCICO BE
082 _a516.22
_bG96
100 1 _aGutiérrez Ariza, Alonso
_93185
_eautor
245 1 0 _aAntecedentes de dibujo técnico :
_bgeometría plana /
_cAlonso Gutiérrez Ariza, Joaquín Gutiérrez Guerra, Arturo Aguilar Cuevas
250 _a2a ed.
260 _aMéxico, D.F. :
_bTrillas ;
_c2007
300 _a86 páginas :
_bdiagramas ;
_c23 cm.
505 0 _aÁngulos en el plano -- Triángulos en el plano -- Cuadriláteros en el plano -- Polígonos regulares en el plano -- Circunferencia -- Sólidos -- Lugares geométricos en el plano -- Simetría en el plano -- Trigonometría -- Curvas planas no circulares
520 _aContiene: Geometría plana, conceptos básicos, ángulos en el plano, triángulos en el plano, cuadriláteros, polígonos regulares en el plano
650 1 0 _aGeometría
_921
650 2 0 _aTrigonometría
_92104
650 2 0 _aDibujo técnico
_9336
700 1 _93186
_aGutiérrez Guerra, Joaquín
_eautor
700 1 _93187
_aAguilar Cuevas, Arturo
_eautor
942 _cLIB
_2ddc
999 _c443
_d443